000 00508nam a22001697a 4500
003 OSt
005 20260317145224.0
008 260317b |||||||| |||| 00| 0 eng d
040 _cMRSPTU
041 _aEnglish
100 _aAshis Kumar, Supervisor: Anupam Kumar
245 _aDevelopment in 2D CAD Software (Mannequin and T-Shirt)
260 _bDepartment of Textile, MRSPTU, Bathinda
_c2023
650 _aTextile
856 _uhttp://163.47.215.52:8080/jspui/handle/123456789/521
942 _2ddc
_cTH
_n0
999 _c11171
_d11171